Estadísticas para Países que Rodean Estambul

Haz click aquí para intentar la prueba.

Estadísticas generales

  • Esta prueba ha sido intentada 1.094 veces
  • La puntuación promedio es 12 de 13

Estadísticas de respuestas

#País% Correcto
187°–290°Grecia
97%
26°–70°Rusia
92%
290°–353°Bulgaria
91%
70°–84°Georgia
91%
84°–90°Armenia
90%
105°–136°Siria
90%
138°–156°Chipre
88%
353°–6°Rumania
88%
102°–105°Irak
86%
6°–26°Ucrania
86%
156°–187°Egipto
85%
90°–102°Irán
85%
136°–138°Líbano
84%

Distribución de puntuación

Porcentaje por número respondido

Porcentaje de gente con cada puntuación

Historial de tus puntuaciones

No has intentado esta prueba.